[Event "AUT-ch U08"]
[Site "Fuerstenfeld"]
[Date "2024.05.19"]
[Round "6"]
[White "Kurz, Alexander Harald"]
[Black "Wehinger, Aaron"]
[Result "1-0"]
[WhiteElo "909"]
[BlackElo "808"]
[PlyCount "103"]
[EventDate "2024.05.18"]
[EventType "swiss (rapid)"]
[EventRounds "7"]
[EventCountry "AUT"]
[SourceTitle "EXT 2025"]
[Source "ChessBase"]
[SourceDate "2024.10.14"]
[SourceVersion "1"]
[SourceVersionDate "2024.10.14"]
[SourceQuality "1"]

1. d4 d5 2. Bf4 Nc6 3. e3 Bf5 4. Nf3 e6 5. Bb5 a6 6. Ba4 b5 7. Bb3 Bd6 8. Bxd6 Qxd6 9. Nbd2 Nf6 10. 0-0 0-0 11. Re1 Ng4 12. h3 Nf6 13. Rc1 e5 14. dxe5 Nxe5 15. Nf1 Nxf3+ 16. Qxf3 Be4 17. Qg3 Qxg3 18. Nxg3 Nd7 19. Red1 c6 20. Nxe4 dxe4 21. Rxd7 c5 22. a3 c4 23. Ba2 h6 24. b3 cxb3 25. Bxb3 a5 26. Re7 a4 27. Ba2 Rae8 28. Bxf7+ Rxf7 29. Rxe8+ Kh7 30. Rxe4 g5 31. Rd4 Rg7 32. Rcd1 b4 33. Rd7 bxa3 34. Rxg7+ Kxg7 35. Ra1 h5 36. c4 Kf6 37. Rxa3 Ke5 38. Rxa4 g4 39. hxg4 hxg4 40. f3 gxf3 41. gxf3 Kd6 42. f4 Kc5 43. e4 Kd6 44. Ra5 Ke6 45. f5+ Kf6 46. c5 Ke5 47. c6+ Kxe4 48. c7 Kf4 49. c8Q Kf3 50. Qc4 Ke3 51. Ra2 Kf3 52. Ra3# 1-0